00864 a2200193 45000010006000000050017000060080041000230030015000640400040000790800128001192450098002470200018003452500015003632640055003783000019004335050193004520410008006451000017006535446820260407155817.0260407a2000 arg spa dAR-UNSa-BCEJYS aAR-UNSa-BCEJYSbspacAR-UNSa-BCEJYS a316.421:339.9xOrigen de las sociedades globales y estructura social, económico, político y cultural (Globalización) 10aHechos y ficciones de la globalizaciónpArgentina y el Mercosur en el sistema internacional a950-557-244-1 a3a. reimp. 1aBuenos Aires :bFondo de Cultura Económicac2000 a140 p.c17 cm. a1. Hechos y ficciones de la globalización - 2. La relación Argentina-Brasil y la construcción del Mercosur - 3. Mercosur:Entre el Consenso de Washington y la integración sostenible aspa1 aFerrer, Aldo